Effect of fertilizer and watermanagement on sen pidao rice at crop station in royal univercity of agriculture, ប្រសិទ្ធភាពជី និងការគ្រប់គ្រងទឹកទៅលើពូជស្រូកសែនពិដោរនៅស្ថានីយ៍ពិសោធន៍ដំណាំនៃសាកលវិទ្យាល័យភូមិន្ទួកសិកម្ម (Record no. 2882)
[ view plain ]
| 000 -LEADER | |
|---|---|
| fixed length control field | 00789nam a22001577a 4500 |
| 003 - CONTROL NUMBER IDENTIFIER | |
| control field | OSt |
| 005 - DATE AND TIME OF LATEST TRANSACTION | |
| control field | 20151031163052.0 |
| 008 - FIXED-LENGTH DATA ELEMENTS--GENERAL INFORMATION | |
| fixed length control field | 151031b xxu||||| |||| 00| 0 eng d |
| 040 ## - CATALOGING SOURCE | |
| Transcribing agency | RUA |
| 082 ## - DEWEY DECIMAL CLASSIFICATION NUMBER | |
| Classification number | AGR RO 2006 B033 Or.1 |
| 100 ## - MAIN ENTRY--PERSONAL NAME | |
| 9 (RLIN) | 3092 |
| Personal name | RO, SOPHOANRITH. |
| 245 ## - TITLE STATEMENT | |
| Title | Effect of fertilizer and watermanagement on sen pidao rice at crop station in royal univercity of agriculture, ប្រសិទ្ធភាពជី និងការគ្រប់គ្រងទឹកទៅលើពូជស្រូកសែនពិដោរនៅស្ថានីយ៍ពិសោធន៍ដំណាំនៃសាកលវិទ្យាល័យភូមិន្ទួកសិកម្ម |
| 260 ## - PUBLICATION, DISTRIBUTION, ETC. (IMPRINT) | |
| Place of publication, distribution, etc. | Phnom Penh |
| Name of publisher, distributor, etc. | RUA |
| Date of publication, distribution, etc. | 2006 |
| 300 ## - PHYSICAL DESCRIPTION | |
| Extent | xiii; 47p. |
| Other physical details | ill. |
| Dimensions | 29cm. |
| 942 ## - ADDED ENTRY ELEMENTS (KOHA) | |
| Source of classification or shelving scheme | |
| Koha item type | AGR |
| Price effective from | Date last seen | Permanent Location | Not for loan | Date acquired | Source of classification or shelving scheme | Koha item type | Lost status | Withdrawn status | Total Renewals | Date last checked out | Total Checkouts | Shelving location | Damaged status | Barcode | Current Location | Full call number |
|---|---|---|---|---|---|---|---|---|---|---|---|---|---|---|---|---|
| 2015-10-31 | 2018-10-24 | Library Block B | 2015-10-31 | AGR | 2018-10-03 | 3 | B033 | RUA007667 | Library Block B | AGR RO 2006 B033 Or.1 | ||||||
| 2015-10-31 | 2021-02-05 | Library Block B | 2015-10-31 | AGR | 2019-11-05 | 4 | B033 | RUA007790 | Library Block B | AGR RO 2006 B033 Or.2 | ||||||
| 2018-12-21 | 2024-12-25 | Library Block B | 2018-12-21 | AGR | 2024-12-13 | 1 | B1.194 | A41149 | Library Block B | AGR RO 2006 B1.194 Or.1 | ||||||
| 2019-01-21 | 2024-10-07 | Library Block B | 2019-01-21 | AGR | 2 | 2024-09-17 | 2 | B1.210 | A41822 | Library Block B | AGR RO 2006 B1.210 Or.2 | |||||
| 2019-01-22 | 2026-03-02 | Library Block B | 2019-01-22 | AGR | 2026-01-19 | 1 | B1.214 | A40584 | Library Block B | AGR RO 2006 B1.214 Or.3 |